000
00318nam a2200133Ia 4500
008
260604s9999 xx 000 0 und d
020
_a
9780674296022
082
_a
954.03 PAT
100
_a
DINYAR PATEL
_9
35317
245
0
_a
NAOROJI ? PIONEER OF INDIAN NATIONALISM
260
_b
HBR
500
_a
Naoroji
942
_c
BK
999
_c
8095
_d
8095